Stone Cold's Championships and Accomplishments - Statistics

General Stats
  • This quiz has been taken 7 times
  • The average score is 3 of 6
Answer Stats
Hint Answer % Correct
3-times Royal Rumble
100%
2-times Intercontinental Championship
60%
1-time King of the Ring
60%
6-times WWE Championship
60%
4-times WWE Tag Team Championship
40%
1-time Million Dollar Championship
20%
No matching quizzes found
Score Distribution
Percent of People with Each Score
Percentile by Number Answered
Your Score History
You have not taken this quiz